Superheroes By Embarrassing GIF Quiz Stats

 Plays Quiz Updated May 22, 2015

Challenge
Share
Tweet
Score 0/18 Timer 10:00
0 Plays Today
% Correct
Superman
99.7%
Batman
99.3%
Spider-Man
99%
The Incredible Hulk
98.5%
Wonder Woman
97.9%
Captain America
97.8%
Robin
97.5%
Green Lantern
95%
Thor
94.3%
% Correct
Aquaman
92.8%
Cyclops
74.7%
Hawkeye
73.6%
Green Arrow
71.9%
Deadpool
64.6%
Cyborg
54.6%
Raven
43%
Beast Boy
42.2%
Plastic Man
27%

You're not logged in!

Compare scores with friends on all Sporcle quizzes.
OR
Log In

You Might Also Like...

Show Comments

Extras

Top Quizzes Today


Score Distribution

Your Account Isn't Verified!

In order to create a playlist on Sporcle, you need to verify the email address you used during registration. Go to your Sporcle Settings to finish the process.

Report this User

Report this user for behavior that violates our Community Guidelines.

Details: